Statistics for Premier League Record Signings

Click here to take the quiz!

General Stats

  • This quiz has been taken 127 times
    (72 since last reset)
  • The average score is 7 of 20

Answer Stats

ClubAmount (£m)Answer% Correct
Arsenal£72Nicolas Pépé
79%
Manchester City£105.75Jack Grealish
77%
Liverpool£75Virgil van Dijk
73%
Manchester United£89.3Paul Pogba
69%
Chelsea£103.5Romelu Lukaku
69%
Aston Villa£34.6Emiliano Buendía
44%
Tottenham Hotspur£55.5Tanguy Ndombele
35%
Newcastle United£40Joelinton
32%
Crystal Palace£28.1Christian Benteke
29%
Leicester City£40.5Youri Tielemans
29%
Southampton£26.3Danny Ings
23%
Wolves£36Fábio Silva
23%
Everton£45Gylfi Sigurdsson
21%
Leeds United£27Rodrigo
19%
Watford£27Ismaïla Sarr
16%
West Ham United£45Sébastien Haller
13%
Brentford£14.1Kristoffer Ajer
8%
Burnley£15.2Ben Gibson
6%
Brighton & Hove Albion£20.7Enock Mwepu
5%
Norwich£9.9Christos Tzolis
0%

Score Distribution

Percentile by Number Answered

Percent of People with Each Score

Your Score History

You have not taken this quiz since the last reset